Catálogo público

Food Products Formulary / (Record no. 173372)

MARC details
000 -CABECERA
campo de control de longitud fija 00761nam a2200241Ia 4500
001 - NÚMERO DE CONTROL
campo de control dia_2874
003 - IDENTIFICADOR DEL NÚMERO DE CONTROL
campo de control CHAP
005 - FECHA Y HORA DE LA ÚLTIMA TRANSACCIÓN
campo de control 20230518132231.0
008 - DATOS DE LONGITUD FIJA--INFORMACIÓN GENERAL
campo de control de longitud fija 220117s xx 000 0 und d
010 ## - NÚMERO DE CONTROL DE LA BIBLIOTECA DEL CONGRESO
Número de control de LC 173372
040 ## - FUENTE DE LA CATALOGACIÓN
Centro/agencia transcriptor CHAP
082 ## - NÚMERO DE LA CLASIFICACIÓN DECIMAL DEWEY
Número de clasificación 664.8 T7
100 ## - ENTRADA PRINCIPAL--NOMBRE DE PERSONA
Nombre de persona Tressler, Donald K.
9 (RLIN) 114827
245 ## - MENCIÓN DE TÍTULO
Título Food Products Formulary /
Mención de responsabilidad, etc. by Donald K. Tressler
260 ## - PUBLICACIÓN, DISTRIBUCIÓN, ETC.
Lugar de publicación, distribución, etc. Westport, AVI
Fecha de publicación, distribución, etc.
300 ## - DESCRIPCIÓN FÍSICA
Extensión 3 vols.
505 ## - NOTA DE CONTENIDO CON FORMATO
Nota de contenido con formato La biblioteca tiene: v. 1 Meats Poultry Fish, Shellfish v.2. Cereals, Baked Goods, Dairy and Egg Products v.3. Fruit Vetable and Products.
650 ## - PUNTO DE ACCESO ADICIONAL DE MATERIA--TÉRMINO DE MATERIA
Término de materia o nombre geográfico como elemento de entrada Alimentos
Subdivisión general formulas
9 (RLIN) 153656
901 ## - ELEMENTOS DE DATOS A LOCAL LDA (RLIN)
a 664.8 T7
902 ## - ELEMENTOS DE DATOS B LOCAL, LDB (RLIN)
a M
905 ## - ELEMENTOS DE DATOS E LOCAL, LDE (RLIN)
a 000000 0000000000 00
942 ## - ELEMENTOS DE PUNTO DE ACCESO ADICIONAL (KOHA)
Tipo de ítem Koha Libro
Fuente del sistema de clasificación o colocación Dewey Decimal Classification
Holdings
Estado de retiro Estado de pérdida Fuente del sistema de clasificación o colocación Estado dañado No para préstamo Código de colección Localización permanente Ubicación/localización actual Fecha de adquisición Información codificada de la localización en otra ubicación Enumeración/cronología de publicación seriada Total de préstamos Signatura topográfica completa Código de barras Fecha visto por última vez Precio válido a partir de Tipo de ítem Koha Fecha del último préstamo
    Dewey Decimal Classification     General Ingenieria Agroindustrial Ingenieria Agroindustrial 18/01/2022 1 Volumen: 3   664.8 T7 dia_5687 18/01/2022 18/01/2022 Libro  
    Dewey Decimal Classification     General Ingenieria Agroindustrial Ingenieria Agroindustrial 18/01/2022 1   1 664.8 T7 dia_2055 24/02/2025 18/01/2022 Libro 24/02/2025
    Dewey Decimal Classification     General Ingenieria Agroindustrial Ingenieria Agroindustrial 18/01/2022 1     664.8 T7 dia_2056 18/01/2022 18/01/2022 Libro